Star Wars Planets and Moons (Sudden Death) - Statistics

General Stats
  • This quiz has been taken 212 times
  • The average score is 14 of 23
Answers on the Grid
Answers color-coded by a green-red scale on the quiz's grid according to % correct below.
Hoth
Paramaribo
Takodana
Ilum
Kerala
Lannik
Kamino
Kijimi
Uranus
N'Zoth
Tblisi
Ryloth
Mon Cala
Mulita
Grenada
Agama
Loki
Scarif
Jakku
Polaris
Kayonia
Utapau
Iego
Tatooine
Kiribati
Io
Galileo
Ontario
Ossus
Serenno
Clod
D'Qar
Abafar
Phobos
Yavin
Naboo
Cato Neimodia
Coruscant
Palikir
Accra
 
Answer Stats
Answer % Correct
Hoth
99%
Kamino
89%
Jakku
87%
Tatooine
86%
Naboo
83%
Coruscant
80%
Ryloth
80%
Utapau
78%
Yavin
78%
Scarif
77%
Mon Cala
74%
Takodana
73%
Ilum
64%
Cato Neimodia
59%
D'Qar
54%
Kijimi
47%
Serenno
41%
Abafar
32%
Iego
29%
N'Zoth
22%
Ossus
22%
Lannik
19%
Mulita
5%
No matching quizzes found
Score Distribution
Percent of People with Each Score
Percentile by Number Answered
Your Score History
You have not taken this quiz